000 00752nam a2200229 a 4500
001 61650
003 BD-RjUL
005 20211209081004.0
008 170121s1963 ii a b 001 0 eng d
035 _a(BD-RjUL)61774
040 _aMiU
_cBD-RjUL
_beng
041 _aeng
082 _223
_a658.562
_bEKS 1963
100 1 0 _aEkambaram, S. K.
_q(Sathya Kuppuswami),
_d1916-
_9183642
245 1 4 _aThe statistical basis of acceptance sampling :
_ban introduction for idustrial executives /
_cS.K. Ekambaram.
260 0 _aBombay ;
_aLondon :
_bAsia Pub. House,
_c1963
300 _a124 p. :
_bill. ;
_c23 cm.
504 _aIncludes bibliography. and index
650 0 _aQuality control
_9182598
650 0 _aSampling (Statistics)
_9183643
942 _2ddc
_cBK
999 _c61650
_d61650